00274nam a2200109Ia 4500008004100000100002500041245002200066260000900088300003400097440002400131650000900155180117s9999 xx 000 0 und d aby Maricris D Martin aStories from Home c2017 a14-16 pages, 2017 November 12 aPhilippine Panorama aHOME